LEADER 01084nam a2200265 i 4500 001 000000143039 003 CaOOAMICUS 005 20050920000000.0 008 050920s1983 it u000 u ita u 013 $a118395 020 $a88-15-00300-2 040 $aSeMil$bita 100 1 $aCorder, S. Pit.$0(OLS)http://semarc/name/57394 240 10$aIntroducing applied linguistics.$0(OLS)http://semarc/title/209293 245 10$aIntroduzione alla linguistica applicata /$cS. Pit Corder. 260 $aBologna :$bIl Mulino,$c1983. 300 $a471 p. :$bill. ;$c22 cm. 490 0 $aStrumenti. Linguistica e critica letteraria 830 0$aStrumenti. Linguistica e critica letteraria.$0(OLS)http://semarc/title/27912 850 $aSeMil 852 $aSeMil$W1$xVenegono$y1$m1P III 46$j96169$B96169$CSeMilBibl$Z2$F156442 $81 961 $aOmaggio: Altro 996 $6020$a88-15-00300-2$9(OLS)http://semarc/number/131428 996 $6245$aIntroduzione alla linguistica applicata$9(OLS)http://semarc/title/209292 996 $6260$aBologna :$bIl Mulino$9(OLS)http://semarc/publisher/29842 LEADER 01256nam a2200241 i 4500 001 000000089329 003 CaOOAMICUS 005 20020514000000.0 008 020514s1950 it u000 u lat u 013 $a61570 040 $aSeMil$bita 100 1 $aOliger, Livarius.$0(OLS)http://semarc/name/40407 245 10$aExpositio quatuor Magistrorum super Regulam Fratrum minorum (1241-1242) :$baccedit eiusdem Regulae textus cum fontibus et locis parallelis /$cedidit Livarius Oliger. 260 $aRoma :$bEdizioni di Storia e Letteratura,$c1950. 300 $aXIII, 203, [2] c. di tav. ;$c26 cm. 490 0 $aStoria e letteratura ;$v30 500 $aContiene : Appendix. - In Appendix : Regula S. Francisci Anni 1223. 650 4$aFrancescanesimo - Regola.$0(OLS)http://semarc/subject/10002 830 0$aStoria e letteratura ;$v30.$0(OLS)http://semarc/title/420 850 $aSeMil 852 $aSeMil$W1$xVenegono$y1$m175 1 30 *$j52467$B52467$CSeMilBibl$Z2$F56929 $81 996 $6245$aExpositio quatuor Magistrorum super Regulam Fratrum minorum (1241-1242) :$baccedit eiusdem Regulae textus cum fontibus et locis parallelis$9(OLS)http://semarc/title/135265 996 $6260$aRoma :$bEdizioni di Storia e Letteratura$9(OLS)http://semarc/publisher/29779